Statistics for Dwarf Planets

Click here to take the quiz!

General Stats

  • This quiz has been taken 33 times
  • The average score is 4 of 5

Answer Stats

MoonsRegion of Solar SystemDensityMass Relative to the MoonDiameter Relative to the MoonDwarf Planet% Correct
5Kuiper Belt2.017.8%66%Pluto
100%
0Asteroid Belt2.081.3%27%Ceres
78%
1Scattered Disc2.522.7%67%Eris
78%
0Kuiper Belt1.4???41%Makemake
78%
2Kuiper Belt2.6-3.35.5%36%Haumea
74%

Score Distribution

Percentile by Number Answered

Percent of People with Each Score

Your Score History

You have not taken this quiz